000 01254nac a22003131i 4500
003 EG-ScBUE
005 20240714092252.0
008 090318s2000 ua f 000 0 ara d
017 _a2000 / 2204
020 _a9770906077
035 _a(CStRLIN)DCLN99-B2395
040 _aEG-ScBUE
_bara
_cEG-ScBUE
_erda
_dEG-ScBUE
043 _aawgz---
_aawba---
_aa-is---
082 0 4 _a956.042
_bهـ ي ك
_222
100 1 _a‪هيكل، محمد حسنين،
_d1923-2016،
_eمؤلف.
245 1 2 _aالعروش والجيوش /
_cمحمد حسنين هيكل.
250 _aالطبعة الثانية.
264 1 _aالقاهرة :
_bدار الشروق،
_c2000.
300 _a562 صفحة ؛
_c24 سم
336 _2rdacontent
_aنص
_btxt
337 _aبدون وسيط
_2rdamedia
_bn
338 _aمجلد
_bnc
_2rdacarrier
505 2 _aالجزء الثاني. ازمة العروش صدمة الجيوش، يوميات الحرب (فلسطسن 1948).
650 0 _aالنزاع العربي الإسرائيلي.
_2BUEsh
_915086
650 7 _aحرب فلسطين 1948م.
_2BUEsh
_914956
651 7 _922013
_aفلسطين
_xتاريخ
_yالعصر الحديث
_yالاحتلال الصهيوني.
_2BUEsh
655 _vReading book
942 _cBB
_2ddc
999 _c11084
_d11084